<?xml version="1.0" encoding="UTF-8"?>
<record
    xmlns:xsi="http://www.w3.org/2001/XMLSchema-instance"
    xsi:schemaLocation="http://www.loc.gov/MARC21/slim http://www.loc.gov/standards/marcxml/schema/MARC21slim.xsd"
    xmlns="http://www.loc.gov/MARC21/slim">

  <leader>00183nam a2200085   4500</leader>
  <controlfield tag="001">1258525</controlfield>
  <controlfield tag="005">20260312103725.0</controlfield>
  <datafield tag="245" ind1=" " ind2=" ">
    <subfield code="a">U&#xC7;TU U&#xC7;TU &#xD6;YK&#xDC; U&#xC7;TU</subfield>
    <subfield code="c">FATMA TUTAK</subfield>
  </datafield>
  <datafield tag="260" ind1=" " ind2=" ">
    <subfield code="b">KENT</subfield>
  </datafield>
  <datafield tag="999" ind1=" " ind2=" ">
    <subfield code="c">1258525</subfield>
    <subfield code="d">1258525</subfield>
  </datafield>
  <datafield tag="952" ind1=" " ind2=" ">
    <subfield code="0">0</subfield>
    <subfield code="1">0</subfield>
    <subfield code="2">ddc</subfield>
    <subfield code="4">0</subfield>
    <subfield code="7">0</subfield>
    <subfield code="a">1031</subfield>
    <subfield code="b">1031</subfield>
    <subfield code="d">2026-03-12</subfield>
    <subfield code="l">2</subfield>
    <subfield code="o">P-4</subfield>
    <subfield code="p">10314662</subfield>
    <subfield code="r">2026-03-13 09:32:23</subfield>
    <subfield code="s">2026-03-12</subfield>
    <subfield code="w">2026-03-12</subfield>
    <subfield code="y">BK</subfield>
  </datafield>
</record>
